Význam obchodného modelu – Formula 1 ako produktu cestovného ruchu na Slovensku a v európskych regiónoch diplomová práca

Saved in:
Bibliographic Details
Main Author: Feňušová, Kristína
Corporate Author: Obchodná fakulta EU. Katedra cestovného ruchu
Other Authors: Gáll, Jozef, 1991-
Format: Book
Language:Slovak
Published: Bratislava 2023
Tags: Add Tag
No Tags, Be the first to tag this record!

MARC

LEADER 00000nbm a2200000 4500
001 0293780
005 20240108142330.2
041 0 |a slo 
044 |a SK 
245 1 0 |a Význam obchodného modelu – Formula 1 ako produktu cestovného ruchu na Slovensku a v európskych regiónoch  |b diplomová práca  |c Kristína Feňušová ; školiteľ: Jozef Gáll 
264 1 |a Bratislava  |c 2023 
300 |a 71 s. 
100 1 |a Feňušová, Kristína 
700 1 |a Gáll, Jozef, 1991- 
710 2 |a Obchodná fakulta EU. Katedra cestovného ruchu